Figures et caractères / (Record no. 125944)

MARC details
000 -LEADER
campo de control de longitud fija 00494nam a2200169 4500
001 - NÚMERO DE CONTROL
campo de control 125944
003 - IDENTIFICADOR DE NÚMERO DE CONTROL
campo de control ES-MaACL
005 - FECHA Y HORA DE LA ÚLTIMA TRANSACCIÓN
campo de control 20250801063035.0
007 - CAMPO FIJO DE DESCRIPCIÓN FÍSICA--INFORMACIÓN GENERAL
campo de control de longitud fija t|
008 - DATOS DE LONGITUD FIJA--INFORMACIÓN GENERAL
campo de control de longitud fija 070214s1901 fr r ||||1| fre d
100 1# - ENTRADA PRINCIPAL--NOMBRE DE PERSONA
Nombre de persona Régnier, Henri de,
Fechas asociadas al nombre 1864-1936
9 (RLIN) 95907
245 10 - MENCIÓN DEL TÍTULO
Título Figures et caractères /
Mención de responsabilidad, etc. Henri de Régnier.
260 ## - PUBLICACIÓN, DISTRIBUCIÓN, ETC.
Lugar de publicación, distribución, etc. Paris :
Nombre del editor, distribuidor, etc. [s. n.],
Fecha de publicación, distribución, etc. 1901 (
Lugar de fabricación/manufactura Poitiers :
Fabricante Blas et Roy)
300 ## - DESCRIPCIÓN FÍSICA
Extensión 351 p. ;
Dimensiones 19 x 12 cm.
852 ## - LOCALIZACIÓN
Ubicación ES-MaACL
Número de control de estantería B-3343
Holdings
Estatus retirado Estado de pérdida Estado de daño No para préstamo Biblioteca de origen Biblioteca actual Ubicación en estantería Fecha de adquisición Fuente de adquisición Total de préstamos Signatura topográfica completa Código de barras Visto por última vez Precio de reemplazo Tipo de ítem Koha
        Biblioteca del Ateneo de Madrid Biblioteca del Ateneo de Madrid Sala Pardo Bazán 17/01/2008     B-3343 1131191 23/02/2023 23/02/2023 Libro impreso antiguo